The mothers recompense (Запис номер 390664)
[ съкратено ]
| 000 -Лидер | |
|---|---|
| Контролно поле с фиксирана дължина | nam a22 7a 4500 |
| 003 - Код на организацията, давaща контролен номер | |
| Контролно поле | BLK |
| 005 - Дата и час на последна редакция | |
| Контролно поле | 20201026150315.0 |
| 008 - Елементи от данни с фиксирана дължина | |
| fixed length control field | 201026b bu ||||| |||| 00| 0 bu d |
| 040 ## - Източник на каталожния запис | |
| Идентификатор на билиотеката - собственик на записа | BLK |
| 041 ## - Код за език | |
| Код за езика на текст/звукозапис или на отделно заглавие | Български |
| Код за езика КДБФ | Български |
| 080 ## - УДК | |
| Текстов определител УДК | Английска литература |
| УДК код - определител по УДК | 821.111 |
| УДК - код + определител | 821.111 |
| 100 ## - Редна дума - Автор | |
| R(LIN) | 1299 |
| Автор | Aguilar, Grace |
| Авторска отговорност | първи автор |
| 139 ## - Редно поле | |
| Редна дума | Aguilar, Grace |
| Авторски знак | Agr - A 26 |
| 245 ## - Сведения за заглавието | |
| Заглавие | The mothers recompense |
| Подзаглавни данни | A sequel to home influence |
| Редно поле (дума) | Vol. I-II |
| Том | Vol.II |
| 260 ## - Област на издателските данни | |
| 9 (RLIN) | 435639 |
| Място на издаване, разпространение и проч. | Leipzig |
| Име на издателя, разпространителя и проч. | Bernhard Tauchnitz |
| Година на издаване | 1859 |
| 300 ## - Физическа характеристика | |
| Страници | 364 с. |
| Размери/Мащаб | 16 см |
| 380 ## - Жанр | |
| Жанр | Худож. лит. |
| 490 ## - СЕРИИ (Колекции) | |
| 9 (RLIN) | 435080 |
| Име на серия | Колекция Редки и ценни издания |
| 852 ## - Местоположение | |
| Форматна сигнатура | Ра 859 |
| Фондова буква | Редки и ценни |
| 999 ## - СИСТЕМНИ КОНТРОЛНИ НОМЕРА | |
| Koha biblionumber | 390664 |
| Koha biblioitemnumber | 390664 |
| 942 ## - АРТИКУЛИ | |
| Вид на библиотечния материал | Книги |
| Скрит в OPAC | Не |
| Периодичен библиозапис | Да |
| 944 ## - СЪЗДАВАНЕ И РЕДАКЦИЯ на ЗАПИСА | |
| Създаване/Редакция | Създаване |
| Дата на регистрацията/редакция | 2020-10-26 |
| Служител, извършил регистрацията/редакцията | К.Д. |
| Код за отписване | Код за изгубен артикул | Източник на класификационната схема | Код за повреда | Коз за рестрикции | Код за отдаване | Артикулен № | Име на библиотеката - собственик | Име на библиотеката, в която се намира в момента | Статус (Текущо местоположение) | Дата на вписване в системата | Местоположение - отдел | Цена в лева | Инвентарен номер | Систематично азбучна сигнатура | Баркод | Цена в евро | Служебен тип на артикула |
|---|---|---|---|---|---|---|---|---|---|---|---|---|---|---|---|---|---|
| Изтеглен | Не е изгубен | Universal Decimal Classification | Не е повреден | само за читалня | Специални фондове ( старопечатни, редки и ценни, фонд М. Арнаудов) | 804348 | Регионална библиотека "Любен Каравелов" Русе | Регионална библиотека "Любен Каравелов" Русе | Редки и ценни | 2020-10-30 | Редки и ценни | 10.00 | 374 | Ра 859 | 900000037677 | 5.11 | Книги |
| Не е изгубен | Universal Decimal Classification | Не е повреден | само за читалня | Специални фондове ( старопечатни, редки и ценни, фонд М. Арнаудов) | 805566 | Регионална библиотека "Любен Каравелов" Русе | Регионална библиотека "Любен Каравелов" Русе | Редки и ценни | 2020-11-24 | Редки и ценни | 10.00 | Ра 859 | 120000850149 | 5.11 | Книги |